000 00362nam a2200145Ia 4500
008 230917s9999||||xx |||||||||||||| ||und||
040 _e160372
_aMAIN
041 _aEnglish
082 _a338.4791 S75T
100 _aSethi, Praveen
245 0 _aTourism for the next millennium
260 _aDelhi
_bRajat Publications
_c1999
300 _a343 p.
942 _cBK
999 _c137733
_d137733